000 00431nam a2200169 a 4500
005 20140310183135.0
008 020819s19uu xx 00 eng d
050 _aHD 31
_b.D124 2002
100 _aDaft, Richard
245 _aManagement /
_cRichard Daft.
260 _bThomson South-Western,
_c2002.
300 _a781 p. :
_bill. ;
_c24 cm.
521 _aBSBA
650 _amanagement
942 _cBK
_2lcc
_kFOR
999 _c19272
_d19272